Geography Multi-select #21 - Statistics

General Stats
  • This quiz has been taken 18 times
    10 since last reset
  • The average score is 74 of 90
Answer Stats
Question Tile Select % Correct
countries in which Spanish is a de jure official or co-official language nationwide. Bolivia Yes
100%
sovereign states with at least one capital city whose name begins with “O.” Canada Yes
100%
countries with a coastline on the Baltic Sea. Denmark Yes
100%
countries with a coastline on the Baltic Sea. Finland Yes
100%
countries with a coastline on the Baltic Sea. Germany Yes
100%
countries in which Spanish is a de jure official or co-official language nationwide. Guatemala Yes
100%
U.S. states with a capital city whose name begins with “S.” Illinois Yes
100%
countries with a coastline on the Caspian Sea. Iran Yes
100%
countries with a coastline on the Baltic Sea. Lithuania Yes
100%
U.S. states with a capital city whose name begins with “S.” New Mexico Yes
100%
sovereign states with at least one capital city whose name begins with “O.” Norway Yes
100%
landmarks located in Rome. Pantheon Yes
100%
capitals of a U.S. state whose name begins with “R.” Providence Yes
100%
countries with a coastline on the Baltic Sea. Russia Yes
100%
landmarks located in Rome. Spanish Steps Yes
100%
U.S. states with a capital city whose name begins with “S.” Utah Yes
100%
U.S. states with a capital city whose name begins with “S.” Alaska No
89%
capitals of a U.S. state whose name begins with “R.” Augusta No
89%
countries with a coastline on the Caspian Sea. Azerbaijan Yes
89%
Azerbaijani cities with a population over 100,000 in 2018. Baku (Bakı) Yes
89%
national capitals (of any type) of a sovereign state whose English language name begins with “O.” Brussels No
89%
national capitals (of any type) of a sovereign state whose English language name begins with “O.” Buenos Aires No
89%
countries with a coastline on the Baltic Sea. Bulgaria No
89%
sovereign states with at least one capital city whose name begins with “O.” Burkina Faso Yes
89%
sovereign states with at least one capital city whose name begins with “O.” Chile No
89%
national capitals (of any type) of a sovereign state whose English language name begins with “O.” Dushanbe No
89%
countries in which Spanish is a de jure official or co-official language nationwide. Equatorial Guinea Yes
89%
countries with a coastline on the Baltic Sea. Georgia No
89%
sovereign states with at least one capital city whose name begins with “O.” Grenada No
89%
countries in which Spanish is a de jure official or co-official language nationwide. Haiti No
89%
national capitals (of any type) of a sovereign state whose English language name begins with “O.” Hanoi No
89%
capitals of a U.S. state whose name begins with “R.” Indianapolis No
89%
U.S. states with a capital city whose name begins with “S.” Iowa No
89%
sovereign states with at least one capital city whose name begins with “O.” Iran No
89%
capitals of a U.S. state whose name begins with “R.” Jackson No
89%
national capitals (of any type) of a sovereign state whose English language name begins with “O.” Kampala No
89%
Azerbaijani cities with a population over 100,000 in 2018. Lankaran (Lənkəran) No
89%
capitals of a U.S. state whose name begins with “R.” Little Rock No
89%
capitals of a U.S. state whose name begins with “R.” Madison No
89%
U.S. states with a capital city whose name begins with “S.” Maryland No
89%
U.S. states with a capital city whose name begins with “S.” Montana No
89%
sovereign states with at least one capital city whose name begins with “O.” Morocco No
89%
national capitals (of any type) of a sovereign state whose English language name begins with “O.” Muscat Yes
89%
U.S. states with a capital city whose name begins with “S.” North Dakota No
89%
communist states for the entirety of their Cold War (1947 - 1990-ish) existence. People’s Republic of China Yes
89%
landmarks located in Rome. Piazza del Duomo No
89%
landmarks located in Rome. Ponte Vecchio No
89%
national capitals (of any type) of a sovereign state whose English language name begins with “O.” Pretoria No
89%
national capitals (of any type) of a sovereign state whose English language name begins with “O.” Riyadh No
89%
countries with a coastline on the Caspian Sea. Russia Yes
89%
capitals of a U.S. state whose name begins with “R.” Salt Lake City No
89%
communist states for the entirety of their Cold War (1947 - 1990-ish) existence. South Korea No
89%
communist states for the entirety of their Cold War (1947 - 1990-ish) existence. South Vietnam No
89%
countries in which Spanish is a de jure official or co-official language nationwide. Spain Yes
89%
countries in which Spanish is a de jure official or co-official language nationwide. Suriname No
89%
countries with a coastline on the Caspian Sea. Tajikistan No
89%
capitals of a U.S. state whose name begins with “R.” Tallahassee No
89%
landmarks located in Rome. Trevi Fountain Yes
89%
countries with a coastline on the Baltic Sea. Turkey No
89%
countries with a coastline on the Caspian Sea. Turkmenistan Yes
89%
countries with a coastline on the Baltic Sea. Ukraine No
89%
sovereign states with at least one capital city whose name begins with “O.” Vanuatu No
89%
sovereign states with at least one capital city whose name begins with “O.” Vatican City No
89%
U.S. states with a capital city whose name begins with “S.” Wyoming No
89%
communist states for the entirety of their Cold War (1947 - 1990-ish) existence. Yugoslavia Yes
89%
countries with a coastline on the Caspian Sea. Armenia No
78%
capitals of a U.S. state whose name begins with “R.” Concord No
78%
communist states for the entirety of their Cold War (1947 - 1990-ish) existence. Czechoslovakia Yes
78%
national capitals (of any type) of a sovereign state whose English language name begins with “O.” Doha No
78%
countries in which Spanish is a de jure official or co-official language nationwide. Dominican Republic Yes
78%
countries with a coastline on the Caspian Sea. Georgia No
78%
countries with a coastline on the Caspian Sea. Kazakhstan Yes
78%
communist states for the entirety of their Cold War (1947 - 1990-ish) existence. People’s Republic of Kampuchea Yes
78%
communist states for the entirety of their Cold War (1947 - 1990-ish) existence. West Germany No
78%
communist states for the entirety of their Cold War (1947 - 1990-ish) existence. Burma No
67%
Azerbaijani cities with a population over 100,000 in 2018. Ganja (Gəncə) Yes
67%
countries with a coastline on the Caspian Sea. Uzbekistan No
67%
countries in which Spanish is a de jure official or co-official language nationwide. Belize No
56%
Azerbaijani cities with a population over 100,000 in 2018. Shaki (Şəki) No
56%
communist states for the entirety of their Cold War (1947 - 1990-ish) existence. South Yemen Yes
56%
Azerbaijani cities with a population over 100,000 in 2018. Sumgait (Sumqayıt) Yes
56%
landmarks located in Rome. Uffizi Gallery No
56%
landmarks located in Rome. Castel Sant'Angelo Yes
44%
Azerbaijani cities with a population over 100,000 in 2018. Mingachevir (Mingəçevir) Yes
44%
landmarks located in Rome. St. Peter’s Basilica No
44%
landmarks located in Rome. Villa Borghese gardens Yes
44%
Azerbaijani cities with a population over 100,000 in 2018. Nakhchivan (Naxçıvan) No
33%
Azerbaijani cities with a population over 100,000 in 2018. Shirvan (Şirvan) No
33%
countries in which Spanish is a de jure official or co-official language nationwide. Mexico No
11%
Azerbaijani cities with a population over 100,000 in 2018. Xırdalan Yes
11%
No matching quizzes found
Score Distribution
Percent of People with Each Score
Percentile by Number Answered
Your Score History
You have not taken this quiz since the last reset